000 00412nam a2200181Ia 4500
003 0STCL
008 150530s9999 xx 000 0 und d
040 _aSTCL
_cSTCL
100 _aJoseph Padinjarekara
245 _aPanapathram
250 _a2
260 _bSree Narasimha Vilasam ; Thuravoor
_c1979
300 _a0
546 _aMalayalam
942 _2ddc
_cBK
999 _c76246
_d76246
005 20220125171624.0